Một số lời dạy và mẩu chuyện về tấm gương đạo đức của Hồ Chí Minh : Tài liệu phục vụ cuộc vận động "Học tập và làm theo gương đạo đức Hồ Chí Minh"
Nội dung sách giới thiệu những lời dạy của chủ tịch Hồ Chí Minh về đạo đức và những câu chuyện về tấm gương đạo đức của Người.
Enregistré dans:
| Collectivité auteur: | |
|---|---|
| Format: | Livre |
| Langue: | Undetermined |
| Publié: |
Hà Nội
Chính trị Quốc gia
2007
|
| Sujets: | |
| Tags: |
Ajouter un tag
Pas de tags, Soyez le premier à ajouter un tag!
|
| Thư viện lưu trữ: | Trung tâm Học liệu Trường Đại học Cần Thơ |
|---|
| LEADER | 01111nam a2200229Ia 4500 | ||
|---|---|---|---|
| 001 | CTU_125899 | ||
| 008 | 210402s9999 xx 000 0 und d | ||
| 020 | |c 10000 | ||
| 082 | |a 335.4346 | ||
| 082 | |b B105 | ||
| 110 | |a Ban tư tưởng - Văn hóa Trung Ương | ||
| 245 | 0 | |a Một số lời dạy và mẩu chuyện về tấm gương đạo đức của Hồ Chí Minh : | |
| 245 | 0 | |b Tài liệu phục vụ cuộc vận động "Học tập và làm theo gương đạo đức Hồ Chí Minh" | |
| 245 | 0 | |c Ban tư tưởng - Văn hóa Trung Ương | |
| 260 | |a Hà Nội | ||
| 260 | |b Chính trị Quốc gia | ||
| 260 | |c 2007 | ||
| 520 | |a Nội dung sách giới thiệu những lời dạy của chủ tịch Hồ Chí Minh về đạo đức và những câu chuyện về tấm gương đạo đức của Người. | ||
| 650 | |a Ho Chi Minh,Hồ Chí hMinh | ||
| 650 | |x Biography,Tiểu sử | ||
| 904 | |i Quang Hiếu | ||
| 980 | |a Trung tâm Học liệu Trường Đại học Cần Thơ | ||